[Event "First Saturday 99/7 IM"]
[Site "Budapest"]
[Date "1999.07.03"]
[Round "1"]
[White "Vadasz, L(HUN)."]
[Black "Aumann, W(GER)."]
[Result "0-1"]
[WhiteElo "2275"]
[BlackElo "2310"]
[PlyCount "55"]

1. Nf3 Nf6 2. g3 b5 3. a4 b4 4. Bg2 Bb7 5. d3 e6 6. O-O d5 7. e4 Be7 8. Nbd2 c5
9. Re1 Nc6 10. exd5 exd5 11. d4 c4 12. Ne5 Nxd4 13. Ndxc4 Ne6 14. Ne3 O-O 15.
Nf5 Bc5 16. Nd3 Bd6 17. a5 Ba6 18. Be3 Re8 19. Nd4 Qc7 20. Nxe6 fxe6 21. f4
Rac8 22. Rc1 Bb5 23. Bd4 Qxa5 24. Bxf6 gxf6 25. Qg4+ Kh8 26. f5 e5 27. Kh1 b3
28. Qh4 0-1

[Event "First Saturday 99/7 IM"]
[Site "Budapest"]
[Date "1999.07.03"]
[Round "1"]
[White "Szeberenyi, A(HUN)."]
[Black "Krutti, V(HUN)."]
[Result "0-1"]
[WhiteElo "2355"]
[BlackElo "2355"]
[PlyCount "112"]

1. d4 Nf6 2. c4 e6 3. Nf3 c5 4. d5 exd5 5. cxd5 d6 6. Nc3 g6 7. e4 Bg7 8. h3
O-O 9. Bd3 a6 10. a4 Nbd7 11. O-O Qc7 12. Re1 Re8 13. Bf4 Rb8 14. Bh2 h6 15.
Bf1 Nh7 16. Nd2 g5 17. Nc4 Ne5 18. Ne3 Bd7 19. Rc1 b5 20. axb5 axb5 21. b4 c4
22. Ne2 Ng6 23. Nd4 Nh4 24. Bxc4 Qb6 25. Bxb5 Bxb5 26. Nc6 Rxe4 27. Nxb8 Qxb8
28. Qc2 Re8 29. Nf5 Nxf5 30. Qxf5 Nf6 31. Rxe8+ Bxe8 32. Qc8 Qxb4 33. Qc7 Bf8
34. Qc3 Qxc3 35. Rxc3 Bd7 36. Rc7 Kg7 37. Ra7 Bb5 38. Rb7 Bc4 39. Rb6 Nxd5 40.
Rc6 Bb5 41. Rc8 Nf4 42. Rb8 Bc4 43. Bxf4 gxf4 44. g3 fxg3 45. fxg3 d5 46. Kf2
Bc5+ 47. Kf3 Bd3 48. Rd8 Be4+ 49. Kf4 Kf6 50. g4 Be7 51. Ra8 Bd6+ 52. Ke3 Kg5
53. Rg8+ Bg6 54. Kd4 Kh4 55. Kxd5 Bf4 56. Ra8 Kxh3 0-1

[Event "First Saturday 99/7 IM"]
[Site "Budapest"]
[Date "1999.07.03"]
[Round "1"]
[White "Balogh, Cs(HUN)"]
[Black "Serrer, Ch(GER)"]
[Result "1/2-1/2"]
[WhiteElo "2235"]
[BlackElo "2255"]
[PlyCount "76"]

1. e4 c6 2. d4 d5 3. Nc3 dxe4 4. Nxe4 Bf5 5. Ng3 Bg6 6. h4 h6 7. Nf3 Nd7 8. h5
Bh7 9. Bd3 Bxd3 10. Qxd3 Qc7 11. Bd2 Ngf6 12. O-O-O e6 13. Ne4 O-O-O 14. g3
Nxe4 15. Qxe4 Bd6 16. c4 c5 17. Bc3 cxd4 18. Bxd4 Nf6 19. Qe2 Qa5 20. Kb1 Qf5+
21. Ka1 Bb8 22. c5 Qe4 23. Qxe4 Nxe4 24. Rde1 Nf6 25. Be5 Rhf8 26. b4 Bxe5+ 27.
Nxe5 Rd2 28. f4 Rg2 29. Re3 Rd8 30. Nxf7 Rdd2 31. Nd6+ Kb8 32. Rc3 Nd5 33. Nc4
Rc2 34. Ne3 Nxe3 35. Rxe3 Rxa2+ 36. Kb1 Rgb2+ 37. Kc1 Rxb4 38. Rhe1 Rc4+
1/2-1/2

[Event "First Saturday 99/7 IM"]
[Site "Budapest"]
[Date "1999.07.03"]
[Round "1"]
[White "Friedrichs, K(GER)."]
[Black "Husari, S(Syr)"]
[Result "1-0"]
[WhiteElo "2145"]
[BlackElo "2305"]
[PlyCount "63"]

1. d4 f5 2. g3 Nf6 3. Bg2 e6 4. c4 d6 5. Nf3 Be7 6. O-O O-O 7. Nc3 Qe8 8. Re1
Qg6 9. e4 fxe4 10. Nxe4 Nxe4 11. Rxe4 Nc6 12. Qe2 Nd8 13. Bd2 Bd7 14. Ba5 Rc8
15. Re1 Bf6 16. Bc3 Bc6 17. d5 exd5 18. Nh4 Qxe4 19. Bxe4 dxe4 20. Qg4 Rb8 21.
Bxf6 Rxf6 22. Nf5 Rxf5 23. Qxf5 Nf7 24. Rxe4 Bxe4 25. Qxe4 Kf8 26. Qxh7 Re8 27.
Kf1 Re6 28. Qf5 Ke7 29. f4 b6 30. Kf2 g6 31. Qd5 Nh6 32. Qg5+ 1-0

[Event "First Saturday 99/7 IM"]
[Site "Budapest"]
[Date "1999.07.03"]
[Round "1"]
[White "Toth, A(HUN)."]
[Black "Farago, S(HUN)."]
[Result "1/2-1/2"]
[WhiteElo "2295"]
[BlackElo "2295"]
[PlyCount "21"]

1. d4 d5 2. c4 dxc4 3. Nc3 Nf6 4. Nf3 e6 5. Bf4 Bd6 6. Bxd6 Qxd6 7. e3 O-O 8.
Bxc4 Nbd7 9. O-O b6 10. Rc1 Bb7 11. Qe2 1/2-1/2

[Event "First Saturday 99/7 IM"]
[Site "Budapest"]
[Date "1999.07.04"]
[Round "2"]
[White "Aumann, W(GER)."]
[Black "Szeberenyi, A(HUN)."]
[Result "1/2-1/2"]
[WhiteElo "2310"]
[BlackElo "2355"]
[PlyCount "79"]

1. c4 e5 2. Nc3 Nf6 3. Nf3 Nc6 4. a3 d5 5. cxd5 Nxd5 6. Qc2 Be7 7. e3 O-O 8.
Nxd5 Qxd5 9. Bd3 h6 10. b4 Bf6 11. Bb2 Be6 12. O-O Qd6 13. Rab1 Rad8 14. Be2
Rfe8 15. d3 Bf5 16. Rfd1 e4 17. dxe4 Bxe4 18. Qb3 Qe7 19. Rbc1 Bxb2 20. Qxb2
Rxd1+ 21. Rxd1 Rd8 22. Rxd8+ Qxd8 23. b5 Ne7 24. Qe5 Bd3 25. Bxd3 Qxd3 26. g3
Qd1+ 27. Kg2 Qd7 28. Qc5 b6 29. Qc4 c5 30. Ne5 Qf5 31. Nc6 Qd7 32. Qe4 Kf8 33.
h3 a5 34. a4 Qd5 35. Qxd5 Nxd5 36. e4 Nc3 37. Nxa5 Nxa4 38. Nc4 Ke7 39. Kf3 Nc3
40. Nxb6 1/2-1/2

[Event "First Saturday 99/7 IM"]
[Site "Budapest"]
[Date "1999.07.04"]
[Round "2"]
[White "Schebler, G(GER)."]
[Black "Balogh, Cs(HUN)"]
[Result "1-0"]
[WhiteElo "2440"]
[BlackElo "2235"]
[PlyCount "65"]

1. d4 Nf6 2. Nf3 e6 3. Bg5 c5 4. e3 Qb6 5. Nbd2 Qxb2 6. Bxf6 gxf6 7. Bd3 d5 8.
dxc5 Bxc5 9. O-O f5 10. c4 dxc4 11. Nxc4 Qf6 12. e4 f4 13. e5 Qg7 14. Re1 O-O
15. Re4 b5 16. Rxf4 Bb7 17. Na5 Bd5 18. Bxb5 Bb6 19. Nc4 Nc6 20. Bxc6 Bxc6 21.
Nxb6 axb6 22. Qd6 Bd5 23. h3 Rfd8 24. Qe7 Re8 25. Qd7 Red8 26. Qb5 Kh8 27. a4
Rab8 28. Rg4 Qh6 29. Ng5 Qh5 30. Qb4 h6 31. Qf4 hxg5 32. Qf6+ Kh7 33. Rxg5 1-0

[Event "First Saturday 99/7 IM"]
[Site "Budapest"]
[Date "1999.07.04"]
[Round "2"]
[White "Husari, S(SYR)."]
[Black "Fordan, T(HUN)."]
[Result "1-0"]
[WhiteElo "2305"]
[BlackElo "2270"]
[PlyCount "95"]

1. d4 d5 2. c4 e6 3. Nc3 c5 4. cxd5 exd5 5. Nf3 Nc6 6. g3 Nf6 7. Bg2 Be7 8. O-O
O-O 9. Bg5 cxd4 10. Nxd4 h6 11. Be3 Re8 12. Qb3 Na5 13. Qc2 Bg4 14. h3 Bh5 15.
Nf5 Bb4 16. g4 Bg6 17. Bd4 Rc8 18. Qd3 Bxc3 19. Bxc3 Nc6 20. Rad1 Ne4 21. Bxe4
Rxe4 22. Qxd5 Qxd5 23. Rxd5 Bxf5 24. gxf5 Rxe2 25. f6 gxf6 26. Bxf6 Re6 27. Bc3
Rd8 28. Rxd8+ Nxd8 29. f4 Nc6 30. Rd1 Kf8 31. Kf2 Ke7 32. Kf3 Rd6 33. Rxd6 Kxd6
34. Kg4 Kd5 35. Kf5 Ne7+ 36. Kf6 Ng6 37. f5 Nh4 38. Kxf7 Nxf5 39. Kg6 Ke4 40.
Bd2 b5 41. Bxh6 a5 42. Bg5 Ke5 43. h4 b4 44. h5 Ke4 45. Bd8 a4 46. Ba5 b3 47.
axb3 axb3 48. h6 1-0

[Event "First Saturday 99/7 IM"]
[Site "Budapest"]
[Date "1999.07.05"]
[Round "3"]
[White "Vadasz, L(HUN)."]
[Black "Farago, (HUN)."]
[Result "1/2-1/2"]
[WhiteElo "2275"]
[BlackElo "2295"]
[PlyCount "24"]

1. Nf3 Nf6 2. c4 c5 3. g3 g6 4. Bg2 Bg7 5. O-O O-O 6. d3 d6 7. Nc3 Nc6 8. Rb1
Rb8 9. a3 a5 10. Ne1 Bg4 11. h3 Be6 12. Nc2 Qd7 1/2-1/2

[Event "First Saturday 99/7 IM"]
[Site "Budapest"]
[Date "1999.07.05"]
[Round "3"]
[White "Balogh, Cs(HUN)"]
[Black "Husari, S(SYR)."]
[Result "1/2-1/2"]
[WhiteElo "2235"]
[BlackElo "2305"]
[PlyCount "72"]

1. e4 e5 2. Nf3 Nc6 3. Bb5 a6 4. Ba4 Nf6 5. O-O Nxe4 6. d4 b5 7. Bb3 d5 8. dxe5
Be6 9. Nbd2 Nc5 10. c3 Be7 11. Bc2 Qd7 12. Re1 Bg4 13. Nf1 Bh5 14. Ne3 Rd8 15.
b4 Ne6 16. Qxd5 Qxd5 17. Nxd5 Bxf3 18. gxf3 Rxd5 19. Be4 Nxb4 20. cxb4 Rd8 21.
a3 O-O 22. Bb2 c5 23. Bc3 Nd4 24. bxc5 Bxc5 25. Bb4 Bxb4 26. axb4 f5 27. exf6
Rxf6 28. Kg2 Rfd6 29. Red1 Ne6 30. Rxd6 Rxd6 31. Bb7 Nf4+ 32. Kf1 Rd4 33. Rb1
Rd6 34. Ra1 Rb6 35. Bxa6 Nd3 36. Ra5 Nxb4 1/2-1/2

[Event "First Saturday 99/7 IM"]
[Site "Budapest"]
[Date "1999.07.05"]
[Round "3"]
[White "Pham, Minh H(VIE)"]
[Black "Schebler, G(GER)."]
[Result "0-1"]
[WhiteElo "2420"]
[BlackElo "2440"]
[PlyCount "86"]

1. c4 g6 2. Nc3 Bg7 3. Nf3 c5 4. g3 Nc6 5. Bg2 Nh6 6. O-O Nf5 7. d3 O-O 8. Rb1
d6 9. Bd2 Rb8 10. a3 b6 11. b4 Bb7 12. Ne1 Qd7 13. Qa4 Ba8 14. Nc2 Rfd8 15. b5
Ncd4 16. e4 Nxc2 17. Qxc2 Nd4 18. Qd1 Rf8 19. h4 e6 20. Kh2 Rbe8 21. f4 f5 22.
a4 e5 23. fxe5 dxe5 24. Nd5 Bxd5 25. cxd5 f4 26. Bh3 Qd6 27. Qg4 Re7 28. h5
Ref7 29. hxg6 hxg6 30. Kh1 Bh6 31. Bc3 Rf6 32. Bxd4 exd4 33. Rf3 fxg3 34. Qxg3
Bf4 35. Qg4 Qe5 36. Rbf1 Kg7 37. Kg2 c4 38. dxc4 Qxe4 39. d6 d3 40. d7 d2 41.
Rd1 Rd6 42. Qh4 Rd3 43. Qf2 Bc7 0-1

[Event "First Saturday 99/7 IM"]
[Site "Budapest"]
[Date "1999.07.05"]
[Round "3"]
[White "Fordan, T(HUN)."]
[Black "Krutti, V(HUN)."]
[Result "1/2-1/2"]
[WhiteElo "2270"]
[BlackElo "2355"]
[PlyCount "53"]

1. d4 Nf6 2. c4 e6 3. Nc3 Bb4 4. e3 c5 5. Bd3 d5 6. Nf3 cxd4 7. exd4 dxc4 8.
Bxc4 O-O 9. O-O b6 10. a3 Bxc3 11. bxc3 Ba6 12. Bxa6 Nxa6 13. Bg5 Rc8 14. Qe2
Nb8 15. c4 Nbd7 16. Ne5 Qc7 17. Rfd1 Nxe5 18. dxe5 Nd7 19. f4 Nc5 20. Ra2 Na4
21. Qg4 Kh8 22. Rad2 Qc5+ 23. Kh1 Qxc4 24. Bf6 gxf6 25. Qh4 Qe4 26. Qxf6+ Kg8
27. Rd4 1/2-1/2

[Event "First Saturday 99/7 IM"]
[Site "Budapest"]
[Date "1999.07.05"]
[Round "3"]
[White "Friedrichs, K(GER)."]
[Black "Aumann, W(GER)."]
[Result "1/2-1/2"]
[WhiteElo "2140"]
[BlackElo "2310"]
[PlyCount "47"]

1. e4 c5 2. Nf3 d6 3. d4 Nf6 4. Nc3 cxd4 5. Nxd4 a6 6. Bg5 e6 7. f4 Be7 8. Qf3
Qc7 9. O-O-O Nbd7 10. Bd3 b5 11. Rhe1 Bb7 12. Qg3 b4 13. Nd5 exd5 14. e5 dxe5
15. fxe5 Nh5 16. e6 Nxg3 17. exf7+ Kxf7 18. Rxe7+ Kg8 19. hxg3 Qxg3 20. Ne6 Qe5
21. Rf1 Nf8 22. Bf5 Bc8 23. Re8 Kf7 24. Re7+ 1/2-1/2

[Event "First Saturday 99/7 IM"]
[Site "Budapest"]
[Date "1999.07.06"]
[Round "4"]
[White "Farago, S(HUN)."]
[Black "Serrer, Ch(GER)"]
[Result "1/2-1/2"]
[WhiteElo "2295"]
[BlackElo "2255"]
[PlyCount "24"]

1. e4 c6 2. d4 d5 3. Nc3 dxe4 4. Nxe4 Bf5 5. Ng3 Bg6 6. Bc4 Nf6 7. N1e2 e6 8.
Nf4 Bd6 9. c3 Qc7 10. Qf3 Nd5 11. Ngh5 Rg8 12. g3 Nd7 1/2-1/2

[Event "First Saturday 99/7 IM"]
[Site "Budapest"]
[Date "1999.07.06"]
[Round "4"]
[White "Toth, A(HUN)."]
[Black "Friedrichs, K(GER)."]
[Result "1/2-1/2"]
[WhiteElo "2295"]
[BlackElo "2145"]
[PlyCount "55"]

1. e4 d5 2. exd5 Qxd5 3. Nc3 Qa5 4. d4 c6 5. Nf3 Nf6 6. Bc4 Bf5 7. Bd2 e6 8.
Qe2 Bb4 9. O-O-O Nbd7 10. a3 Bxc3 11. Bxc3 Qc7 12. Ne5 b5 13. Bb3 Be4 14. Nxd7
Qxd7 15. Bb4 Bd5 16. Bxd5 Qxd5 17. f3 a5 18. Bc5 Nd7 19. Qe3 Qa2 20. Qg5 Nxc5
21. Qxc5 Qd5 22. Rhe1 Qxc5 23. dxc5 Rd8 24. Rxd8+ Kxd8 25. Rd1+ Kc7 26. Rd6 h5
27. g3 Rh6 28. Kd2 1/2-1/2

[Event "First Saturday 99/7 IM"]
[Site "Budapest"]
[Date "1999.07.06"]
[Round "4"]
[White "Schebler, G(GER)."]
[Black "Kiss, G(HUN)."]
[Result "1-0"]
[WhiteElo "2440"]
[BlackElo "2325"]
[PlyCount "63"]

1. Nf3 Nf6 2. g3 d5 3. Bg2 c6 4. O-O Bg4 5. c4 e6 6. cxd5 exd5 7. Qb3 Qb6 8.
Qc2 Nbd7 9. Nc3 Bd6 10. d3 O-O 11. e4 Rfe8 12. Nh4 Rac8 13. Be3 Qa6 14. h3 Be6
15. Rad1 dxe4 16. dxe4 Bc5 17. Bxc5 Nxc5 18. b3 b5 19. Rd4 Qb6 20. Rfd1 a5 21.
Ne2 a4 22. Nc1 axb3 23. axb3 Ra8 24. Rd6 Nfxe4 25. b4 Nxd6 26. bxc5 Qa6 27.
cxd6 Bc4 28. Nf5 g6 29. Ne7+ Kg7 30. Bxc6 Rxe7 31. dxe7 Qxc6 32. Rd8 1-0

[Event "First Saturday 99/7 IM"]
[Site "Budapest"]
[Date "1999.07.06"]
[Round "4"]
[White "Vadasz, L(HUN)."]
[Black "Szeberenyi, A(HUN)."]
[Result "1/2-1/2"]
[WhiteElo "2275"]
[BlackElo "2355"]
[PlyCount "24"]

1. Nf3 d5 2. d4 Nf6 3. c4 e6 4. e3 Nbd7 5. Nc3 Bb4 6. Bd2 O-O 7. Bd3 dxc4 8.
Bxc4 b6 9. O-O Bb7 10. Qe2 Qe7 11. a3 Bxc3 12. Bxc3 Ne4 1/2-1/2

[Event "First Saturday 99/7 IM"]
[Site "Budapest"]
[Date "1999.07.06"]
[Round "4"]
[White "Krutti, V(HUN)."]
[Black "Balogh, Cs(HUN)"]
[Result "1/2-1/2"]
[WhiteElo "2355"]
[BlackElo "2235"]
[PlyCount "82"]

1. Nf3 Nf6 2. c4 e6 3. Nc3 Bb4 4. g3 O-O 5. Bg2 d5 6. a3 Be7 7. d4 dxc4 8. Ne5
Nbd7 9. Nxc4 Nb6 10. Ne5 c5 11. dxc5 Qxd1+ 12. Nxd1 Bxc5 13. Be3 Bxe3 14. Nxe3
Rb8 15. Rc1 Nbd5 16. Nxd5 exd5 17. Rc7 Be6 18. Kd2 Rfd8 19. Rhc1 Ne8 20. R7c2
Nd6 21. Ke1 Kf8 22. Rd1 Ne4 23. Nd3 Rbc8 24. Rxc8 Rxc8 25. Nf4 Rc5 26. Bxe4
dxe4 27. Nxe6+ fxe6 28. Rd4 e3 29. fxe3 Ke7 30. Kd2 e5 31. Rd3 Ke6 32. Rb3 b5
33. Rb4 h5 34. a4 bxa4 35. Rxa4 a5 36. e4 g6 37. Kd3 Kd6 38. b4 axb4 39. Rxb4
Ke6 40. Rb6+ Kf7 41. Rd6 Rc1 1/2-1/2

[Event "First Saturday 99/7 IM"]
[Site "Budapest"]
[Date "1999.07.06"]
[Round "4"]
[White "Husari, S(SYR)."]
[Black "Pham, Minh H(VIE)"]
[Result "1/2-1/2"]
[WhiteElo "2305"]
[BlackElo "2420"]
[PlyCount "120"]

1. d4 Nf6 2. c4 c5 3. d5 e6 4. Nc3 exd5 5. cxd5 d6 6. e4 g6 7. Nf3 Bg7 8. Bg5
h6 9. Bh4 O-O 10. Nd2 a6 11. a4 Re8 12. Be2 Nbd7 13. O-O g5 14. Bg3 Ne5 15. Qc2
Bg4 16. Bxg4 Nfxg4 17. h3 Nf6 18. Nd1 Nh5 19. Ne3 Bf6 20. Nf5 Kh7 21. Nc4 Nxc4
22. Qxc4 Nxg3 23. fxg3 Qd7 24. Qe2 Rg8 25. Ra3 Rg6 26. Kh2 Be5 27. Ne3 Re8 28.
Ng4 Bd4 29. Raf3 Kg7 30. Ne3 Bxe3 31. Qxe3 Re7 32. Qc3+ Kg8 33. Rf6 Re5 34. Qf3
Rxf6 35. Qxf6 Rxe4 36. Qxh6 Re5 37. Rf6 Rxd5 38. Qh5 Qe7 39. Rh6 Qe5 40. Qf3
Kg7 41. Rh5 Qf5 42. Qc3+ Re5 43. h4 Qf6 44. hxg5 Qg6 45. Rh3 b5 46. axb5 axb5
47. Qa5 Rxg5 48. Qxb5 Rh5 49. Qe2 Rxh3+ 50. gxh3 Qf5 51. Qd2 d5 52. h4 d4 53.
b4 f6 54. bxc5 Qxc5 55. Qe2 Qd5 56. Qe7+ Kg6 57. Qe8+ Kg7 58. Qe7+ Kg6 59. Qe8+
Kh6 60. Qf8+ Kg6 1/2-1/2

[Event "First Saturday 99/7 IM"]
[Site "Budapest"]
[Date "1999.07.06"]
[Round "4"]
[White "Aumann, W(GER)."]
[Black "Fordan, T(HUN)."]
[Result "1/2-1/2"]
[WhiteElo "2310"]
[BlackElo "2270"]
[PlyCount "120"]

1. c4 c5 2. Nf3 e6 3. g3 d5 4. cxd5 exd5 5. d4 Nf6 6. Bg2 Be7 7. O-O O-O 8. Be3
c4 9. b3 cxb3 10. Qxb3 Nc6 11. Bg5 h6 12. Bxf6 Bxf6 13. e3 Na5 14. Qd3 Be6 15.
Nc3 Rc8 16. Rfc1 b6 17. Qa6 Rc7 18. Qf1 Qd7 19. Ne2 Rfc8 20. Rxc7 Rxc7 21. Rc1
Rxc1 22. Qxc1 Nc4 23. Ne1 b5 24. Nd3 Be7 25. Ndf4 Bg5 26. Nxe6 Qxe6 27. h4 Nxe3
28. hxg5 Nxg2 29. Qf1 Ne3 30. fxe3 Qxe3+ 31. Qf2 Qxg5 32. Nf4 a5 33. Kh2 b4 34.
Qe3 Qf5 35. Qe8+ Kh7 36. Qc6 g5 37. Qxd5 Qxd5 38. Nxd5 h5 39. Kg2 Kg7 40. Kf3
f5 41. Ne7 a4 42. Nxf5+ Kf6 43. Ne3 Ke6 44. Ke4 h4 45. g4 b3 46. axb3 axb3 47.
Nc4 Ke7 48. d5 Kd7 49. Ke3 Ke7 50. d6+ Kd7 51. Kf3 Ke8 52. Ke4 Kd8 53. Kd5 h3
54. Ke6 b2 55. Ne5 b1=Q 56. Nf7+ Kc8 57. d7+ Kb7 58. d8=Q Qg6+ 59. Ke7 Qe4+ 60.
Kf6 Qf4+ 1/2-1/2

[Event "First Saturday 99/7 IM"]
[Site "Budapest"]
[Date "1999.07.07"]
[Round "5"]
[White "Serrer, Ch(GER)"]
[Black "Schebler, G(GER)."]
[Result "1/2-1/2"]
[WhiteElo "2255"]
[BlackElo "2440"]
[PlyCount "48"]

1. Nf3 c5 2. e4 Nc6 3. d4 cxd4 4. Nxd4 Nf6 5. Nc3 d6 6. f3 g6 7. Be3 Bg7 8. Qd2
O-O 9. O-O-O Nxd4 10. Bxd4 Be6 11. Kb1 Qc7 12. g4 Rfc8 13. h4 Qa5 14. a3 Rab8
15. h5 b5 16. h6 b4 17. axb4 Rxb4 18. hxg7 Rxb2+ 19. Kxb2 Qb4+ 20. Kc1 Qa3+ 21.
Kb1 Nxe4 22. fxe4 Rxc3 23. Qxc3 Ba2+ 24. Ka1 Bb3+ 1/2-1/2

[Event "First Saturday 99/7 IM"]
[Site "Budapest"]
[Date "1999.07.07"]
[Round "5"]
[White "Friedrichs, K(GER)."]
[Black "Vadasz, L(HUN)."]
[Result "1/2-1/2"]
[WhiteElo "2145"]
[BlackElo "2275"]
[PlyCount "65"]

1. d4 Nf6 2. c4 e6 3. Nf3 b6 4. g3 Bb7 5. Bg2 Be7 6. O-O O-O 7. Re1 c5 8. d5
exd5 9. Nh4 Ne4 10. cxd5 Bxh4 11. Bxe4 Bf6 12. Nc3 d6 13. Bf4 a6 14. a4 Qc7 15.
Qc2 h6 16. Bg2 Nd7 17. Rad1 Rfe8 18. Ne4 Be7 19. b4 Nf6 20. Nxf6+ Bxf6 21. Rb1
c4 22. b5 axb5 23. Rxb5 Ra5 24. Rb4 Bxd5 25. Bxd5 Rxd5 26. Rxc4 Rc5 27. Rxc5
Qxc5 28. Qxc5 dxc5 29. Bc7 Re6 30. e4 Rc6 31. Bf4 Bd4 32. Be3 Kf8 33. Kf1
1/2-1/2

[Event "First Saturday 99/7 IM"]
[Site "Budapest"]
[Date "1999.07.07"]
[Round "5"]
[White "Szeberenyi, A(HUN)."]
[Black "Farago, S(HUN)."]
[Result "1-0"]
[WhiteElo "2355"]
[BlackElo "2295"]
[PlyCount "65"]

1. d4 Nf6 2. c4 e6 3. Nf3 b6 4. Nc3 Bb7 5. a3 Be7 6. d5 O-O 7. e4 d6 8. Be2
Nbd7 9. O-O Nc5 10. Qc2 a5 11. b3 b5 12. Be3 b4 13. axb4 axb4 14. Bxc5 dxc5 15.
Na4 Nd7 16. Rad1 e5 17. Ne1 Ra6 18. Nd3 Rg6 19. f4 exf4 20. e5 Rg5 21. e6 fxe6
22. Nxf4 Bd6 23. Nxe6 Rxg2+ 24. Kxg2 Qh4 25. Rxf8+ Nxf8 26. Qf5 Qxh2+ 27. Kf1
Bc8 28. Qh5 Qxh5 29. Bxh5 Nxe6 30. dxe6 Bxe6 31. Bf3 Bf5 32. Rd5 Bc2 33. Nxc5
1-0

[Event "First Saturday 99/7 IM"]
[Site "Budapest"]
[Date "1999.07.07"]
[Round "5"]
[White "Balogh, Cs(HUN)"]
[Black "Aumann, W(GER)."]
[Result "0-1"]
[WhiteElo "2235"]
[BlackElo "2310"]
[PlyCount "86"]

1. e4 e6 2. d4 d5 3. Nc3 Bb4 4. e5 Ne7 5. Bd2 b6 6. a3 Bxc3 7. Bxc3 Ba6 8. Bxa6
Nxa6 9. Qd3 Nb8 10. f4 c5 11. Nf3 Nbc6 12. O-O Rc8 13. b4 cxd4 14. Bxd4 Nf5 15.
c3 O-O 16. g4 Ncxd4 17. cxd4 Nh4 18. Ng5 Ng6 19. h4 h6 20. Nxe6 Nxe5 21. fxe5
fxe6 22. Rxf8+ Qxf8 23. Qg6 Qf7 24. Qxf7+ Kxf7 25. Kf2 Rc2+ 26. Ke3 Rc3+ 27.
Kd2 Rg3 28. g5 h5 29. Rc1 Rg4 30. Rc7+ Kg6 31. Ke3 Re4+ 32. Kd3 Rxh4 33. Rxa7
Rh3+ 34. Ke2 h4 35. Re7 Rxa3 36. Rxe6+ Kxg5 37. Rxb6 h3 38. Kf2 Ra2+ 39. Kg1
Kh4 40. Rc6 g5 41. b5 g4 42. Rc1 h2+ 43. Kh1 Kh3 0-1

[Event "First Saturday 99/7 IM"]
[Site "Budapest"]
[Date "1999.07.07"]
[Round "5"]
[White "Kiss, G(HUN)."]
[Black "Husari, S(SYR)."]
[Result "1/2-1/2"]
[WhiteElo "2325"]
[BlackElo "2305"]
[PlyCount "73"]

1. e4 e5 2. Nf3 Nc6 3. Bb5 a6 4. Ba4 Nf6 5. O-O b5 6. Bb3 Bc5 7. c3 d6 8. a4
Bd7 9. d4 Bb6 10. Bg5 Rb8 11. axb5 axb5 12. Qd3 h6 13. Bh4 g5 14. Bg3 Nh5 15.
dxe5 Nxg3 16. hxg3 g4 17. Nh4 Nxe5 18. Qe2 Rg8 19. Nd2 Rg5 20. Rfd1 Qf6 21. Nf1
Be6 22. Bd5 Kf8 23. Ne3 Re8 24. b3 Bd7 25. b4 Be6 26. Ba2 Bxe3 27. Qxe3 Ng6 28.
Bxe6 Qxe6 29. Re1 Nxh4 30. gxh4 Re5 31. Qf4 Kg7 32. Ra7 Rxe4 33. Rxe4 Qxe4 34.
Qxe4 Rxe4 35. Rxc7 Re1+ 36. Kh2 Rc1 37. Kg3 1/2-1/2

[Event "First Saturday 99/7 IM"]
[Site "Budapest"]
[Date "1999.07.08"]
[Round "6"]
[White "Husari, S(SYR)."]
[Black "Serrer, Ch(GER)"]
[Result "1/2-1/2"]
[WhiteElo "2305"]
[BlackElo "2255"]
[PlyCount "28"]

1. d4 d5 2. c4 c6 3. cxd5 cxd5 4. Nc3 Nf6 5. Nf3 Nc6 6. Bf4 Bf5 7. e3 e6 8. Bb5
Nd7 9. Qa4 Rc8 10. O-O a6 11. Bxc6 Rxc6 12. Rfc1 Be7 13. Qd1 g5 14. Bg3 h5
1/2-1/2

[Event "First Saturday 99/7 IM"]
[Site "Budapest"]
[Date "1999.07.08"]
[Round "6"]
[White "Vadasz, L(HUN)."]
[Black "Fordan, T(HUN)."]
[Result "1/2-1/2"]
[WhiteElo "2275"]
[BlackElo "2270"]
[PlyCount "35"]

1. Nf3 d5 2. d4 e6 3. g3 c5 4. Bg2 Nf6 5. O-O Nc6 6. c4 Be7 7. cxd5 exd5 8. Nc3
O-O 9. Bg5 cxd4 10. Nxd4 h6 11. Be3 Re8 12. Qc2 Bg4 13. Rad1 Qd7 14. Nxc6 bxc6
15. Bd4 Nh7 16. f3 Bh3 17. Na4 Bxg2 18. Kxg2 1/2-1/2

[Event "First Saturday 99/7 IM"]
[Site "Budapest"]
[Date "1999.07.08"]
[Round "6"]
[White "Farago, S(HUN)."]
[Black "Schebler, G(HUN)."]
[Result "0-1"]
[WhiteElo "2295"]
[BlackElo "2440"]
[PlyCount "80"]

1. d4 Nf6 2. c4 g6 3. Nf3 Bg7 4. g3 O-O 5. Bg2 c6 6. O-O d6 7. Nc3 Qa5 8. e4
Bg4 9. h3 Bxf3 10. Bxf3 e5 11. dxe5 dxe5 12. Be3 Nbd7 13. a3 Rfd8 14. b4 Qc7
15. Qb3 Nf8 16. Rad1 Ne6 17. Ne2 h5 18. Bg2 h4 19. Rxd8+ Rxd8 20. Rd1 hxg3 21.
fxg3 Rxd1+ 22. Qxd1 c5 23. Qd3 Bf8 24. b5 Nd4 25. Bd2 Kh7 26. g4 Nxe2+ 27. Qxe2
Qd6 28. Be3 Ne8 29. Bf1 Nc7 30. Qd3 Qe7 31. Qd2 Bg7 32. Qa5 Ne6 33. Qxa7 Bh6
34. Bf2 Nd4 35. Qb8 Bg5 36. a4 Bh4 37. Be3 Nc2 38. Bc1 Qf6 39. Bd3 Qf2+ 40. Kh1
Bg3 0-1

[Event "First Saturday 99/7 IM"]
[Site "Budapest"]
[Date "1999.07.08"]
[Round "6"]
[White "Toth, A(HUN)."]
[Black "Balogh, Cs(HUN)"]
[Result "1/2-1/2"]
[WhiteElo "2295"]
[BlackElo "2235"]
[PlyCount "69"]

1. e4 c5 2. Nf3 d6 3. d4 cxd4 4. Nxd4 Nf6 5. Nc3 Nc6 6. Bg5 e6 7. Qd2 a6 8.
O-O-O Bd7 9. f3 Be7 10. h4 Rc8 11. g4 h5 12. gxh5 Nxh5 13. Nxc6 Rxc6 14. Bd3 b5
15. Kb1 Bf6 16. Ne2 e5 17. Nc3 Be6 18. Nxb5 axb5 19. Bxb5 Qa8 20. Bxc6+ Qxc6
21. Bxf6 Nxf6 22. Qxd6 Qxd6 23. Rxd6 g5 24. Rhd1 Rxh4 25. a4 Ke7 26. a5 Rh8 27.
Rb6 Ra8 28. Rb7+ Kf8 29. b4 g4 30. fxg4 Nxe4 31. Re1 Bxg4 32. Rh1 Kg8 33. Rg1
f5 34. Kb2 Nd2 35. Ra1 1/2-1/2

[Event "First Saturday 99/7 IM"]
[Site "Budapest"]
[Date "1999.07.08"]
[Round "6"]
[White "Krutti, V(HUN)."]
[Black "Kiss, G(HUN)."]
[Result "1-0"]
[WhiteElo "2355"]
[BlackElo "2325"]
[PlyCount "77"]

1. d4 Nf6 2. c4 g6 3. Nc3 Bg7 4. e4 d6 5. Be2 O-O 6. Bg5 Na6 7. f3 h6 8. Be3 e5
9. d5 Nh5 10. Qd2 Nf4 11. Bf1 Kh7 12. O-O-O c6 13. Kb1 cxd5 14. cxd5 Bd7 15. g3
Nh5 16. Bd3 Nc5 17. Bc2 b5 18. b4 Na4 19. Nxa4 bxa4 20. Ne2 a5 21. a3 axb4 22.
axb4 Qb8 23. Ka2 Rc8 24. Ka3 Nf6 25. Bd3 Ne8 26. Rc1 Nc7 27. Nc3 Qb7 28. Rc2
Rab8 29. Rb1 h5 30. b5 Bf6 31. Qe2 Ra8 32. Rb4 Ra5 33. b6 Na6 34. Bxa6 Rxa6 35.
Nb5 Rxc2 36. Qxc2 Bxb5 37. Rxb5 Ra8 38. Qc6 Qb8 39. b7 1-0

[Event "First Saturday 99/7 IM"]
[Site "Budapest"]
[Date "1999.07.08"]
[Round "6"]
[White "Szeberenyi, A(HUN)."]
[Black "Friedrichs, K(GER)."]
[Result "0-1"]
[WhiteElo "2355"]
[BlackElo "2145"]
[PlyCount "60"]

1. d4 e6 2. Nf3 c5 3. e3 Nf6 4. c4 b6 5. Nc3 cxd4 6. exd4 Bb4 7. Bd3 O-O 8. O-O
Bxc3 9. bxc3 d6 10. Bg5 Nbd7 11. Nd2 Qc7 12. Qf3 Bb7 13. Qg3 Kh8 14. Rae1 h6
15. Qh4 Nh7 16. f4 Rae8 17. Re3 Rg8 18. Bxh7 Kxh7 19. Rh3 Nf8 20. Bxh6 Ng6 21.
Qh5 Rh8 22. Bg5+ Kg8 23. Qg4 Rxh3 24. Qxh3 d5 25. cxd5 Bxd5 26. a4 Rc8 27. c4
Bxc4 28. Rc1 Nxf4 29. Qg4 Ne2+ 30. Kh1 f5 0-1

[Event "First Saturday 99/7 IM"]
[Site "Budapest"]
[Date "1999.07.09"]
[Round "7"]
[White "Kiss, G(HUN)."]
[Black "Aumann, W(GER)."]
[Result "1-0"]
[WhiteElo "2325"]
[BlackElo "2310"]
[PlyCount "58"]

1. e4 e6 2. d4 d5 3. Nc3 Bb4 4. e5 Ne7 5. Nf3 b6 6. a3 Bxc3+ 7. bxc3 Ba6 8.
Bxa6 Nxa6 9. a4 Nb8 10. Qd3 Nbc6 11. O-O Na5 12. Nd2 Qd7 13. f4 h5 14. Ba3 Nf5
15. Qh3 Qc6 16. g4 Nh6 17. Qh4 Kd7 18. Bb4 hxg4 19. Qe7+ Kc8 20. Bxa5 bxa5 21.
Ra3 Qd7 22. Qc5 Nf5 23. Rb1 Qd8 24. Qc6 Qh4 25. Nf1 g3 26. Rb7 gxh2+ 27. Kh1
Qe7 28. Rab3 Rd8 29. Qa6 Rf8 1-0